| 000 | 00442cam a22001571 4500 | ||
|---|---|---|---|
| 082 |
_a537 _bBOU _cL-6 P-8 |
||
| 100 | 1 |
_aBoulind, Henry Frederick. _940030 |
|
| 245 | 0 | 0 | _aIntroduction to electricity. |
| 250 | _a[1st ed.] | ||
| 260 |
_aLondon, _bJ. Murray _c[1948] |
||
| 300 |
_aviii, 376 p. _billus., diagrs. _c20 cm. |
||
| 526 |
_a0 _b0 _c0 _d537_000000000000000_BOU |
||
| 650 | 0 |
_aElectricity. _939895 |
|
| 650 | 0 |
_aMCE _9379 |
|
| 942 |
_2ddc _cBK |
||
| 999 |
_c544406 _d544406 |
||